000 00678nam a2200229 a 4500
999 _c15040
_d15040
003 PK-NaQUE
005 20251007115543.0
008 251007b ||||| |||| 00| 0 eng d
020 _a002313030X (hardcover)
020 _a9780023130304 (hardcover)
040 _cQUEST
100 1 _aBowersox, Donald J.
245 1 0 _aIntroduction to Transportation /
260 _a[S.l.] :
_bPrentice Hall College Div,
_c1980.
300 _a400 p. ;
650 _aTransportation
650 _aTransportation-United States
700 _aCalabro, Pat J.
700 _aWagenheim, George D.
856 4 0 _uhttp://10.10.170.122:8080/browse/book/28639
_yDownload eBook
942 _cBK
_2ddc